Za štíhlou linii.
Uložené v:
| Hlavný autor: | |
|---|---|
| Médium: | Kniha |
| Jazyk: | Slovak |
| Vydané: |
1971.
|
| Fyzický popis: |
69 s. |
| Tagy: |
Pridať tag
Žiadne tagy, Buďte prvý kto otaguje tento záznam!
|
Titul je dostupný aj v ... 

MARC
| LEADER | 00000nam a22000004a 4500 | ||
|---|---|---|---|
| 001 | 000576521 | ||
| 005 | 20180410070747.0 | ||
| 008 | 180410s1971 xo e 000 0 slo d | ||
| 040 | |a SVKKK |b slo |c SVKKK |e AACR2 | ||
| 100 | 1 | |a Šonka, Jiří | |
| 245 | 1 | 0 | |a Za štíhlou linii. |
| 260 | |c 1971. | ||
| 300 | |a 69 s. | ||
| 500 | |a Záznam revízie | ||
| 910 | |a svkkk | ||
| 998 | |a BK | ||
| 090 | |g SCKHL |k Sklad Hlavná 10 suterén |a I.39118 |j 444685 |i 2720633340 |s Absenčne | ||
| 090 | |g SCKHL |k Sklad Hlavná 10 suterén |a I.39119 |j 444686 |i 2720633341 |s Absenčne | ||
| 090 | |g SCKHL |k Sklad Hlavná 10 suterén |a I.39120 |j 444687 |i 2720549883 |4 Multiplikát |s Vyradená | ||